| 000 | 00675nam a22002177a 4500 | ||
|---|---|---|---|
| 005 | 20151023111049.0 | ||
| 010 | _aENG-114000 | ||
| 020 |
_c1000.00 _a9789350450796 |
||
| 035 | _aEN-97532 | ||
| 037 |
_bDBAD/PUB _adpl |
||
| 082 | _a230.1 | ||
| 100 | _aSawant, Shivaji | ||
| 245 |
_aMrityunjaya the death conqueror _cby Shivaji Sawant _bthe story of Karna / |
||
| 250 | _a5th ed | ||
| 260 |
_aCalcutta _bWriters Workshop _c2014 |
||
| 270 |
_a162/92, Lake Garden, _bCalcutta _e700045 |
||
| 300 |
_a697p. _c22cm(Hb) |
||
| 500 | _aTranslation of: Mr̥tyuñjaya. | ||
| 500 | _aOn the life of Karṇa (Hindu mythology). | ||
| 942 |
_2ddc _cEN _mSAW _h230.1 |
||
| 999 |
_c96561 _d96561 |
||